[Event "FIDE-Wch k.o."]
[Site "Las Vegas"]
[Date "1999.08.01"]
[Round "1.2"]
[White "Speelman, Jonathan S"]
[Black "Ricardi, Pablo"]
[Result "1-0"]
[WhiteElo "2597"]
[BlackElo "2474"]
[Annotator "Pein,M"]
[PlyCount "85"]
[EventDate "1999.07.31"]
[EventType "k.o."]
[EventRounds "7"]
[EventCountry "USA"]
[SourceTitle "CBM 072"]
[Source "ChessBase"]
[SourceDate "1999.10.01"]
[SourceVersion "1"]
[SourceVersionDate "1999.10.01"]
[SourceQuality "1"]

1. Nf3 {Mikhalevski,V} Nf6 2. c4 g6 3. Nc3 d5 4. cxd5 Nxd5 5. Qa4+ {An Anti
Gruenfeld weapon} Bd7 6. Qb3 {This is something of a rarity and it got Ricardi
thinking.} (6. Qh4 {Mikhalevski,V is more popular.}) 6... Nb6 7. Ng5 {'?!'
Mikhalevski,V. Mikhalevski,V: 'Very rare continuation which suits to Speelman
who tries to get out of the theory on the early stages of his games.' This has
been played a few times but its not very good if only because after Black's
next 8.d4 Bc6 is good} ({After} 7. d4 {Mikhalevski,V} Bg7 8. e4 (8. Bf4 O-O 9.
Rd1 a5 10. e4 Bg4 11. d5 a4 12. Qc2 f5 $5 {leads to interesting complications}
13. Nb5 Na6 14. Nxc7 fxe4 15. Ne6 Bxe6 16. dxe6 Nd5 17. Qxe4 Rxf4 18. Qxd5 Qxd5
19. Rxd5 Nb4 20. Rd7 Bxb2 21. Rxe7 Rc8 22. Rxb7 Re4+ 23. Kd1 a3 24. e7 Nxa2 25.
Rd7 Bf6 26. Ba6 Re8 27. Nd2 Nc3+ 28. Kc2 R4xe7 29. Rd3 Ne2 30. Rxa3 Kg7 31.
Bxe2 Rxe2 32. Rf1 Bg5 33. Ra7+ Kg8 34. Rd7 Rf8 35. h4 Bxh4 36. g3 Bg5 37. f4
Re7 38. Rd5 Bf6 39. Kd3 Rc7 40. Ne4 Bg7 41. Ke3 {1/2-1/2 Krasenkow,M-Nijboer,F/
Koszalin 1998/CBM 65 ext (41)}) 8... O-O (8... Bg4 9. Be3 O-O 10. Rd1 a5 $6 (
10... Nc6 {see 8...0-0}) 11. Be2 a4 12. Qc2 Nc6 13. Ne5 $1 Nxe5 14. dxe5 Qc8
15. f3 $1 Be6 16. f4 Nc4 17. Bf2 c6 18. O-O b5 19. Bc5 $16 {1-0 Piket,
J-Sutovsky,E/ICC Internet 1999 (29)}) 9. Be3 Nc6 10. Rd1 Bg4 {arises
well-known position of Smyslov variation of Gruenfeld defence.} 11. d5 Ne5 12.
Be2 Nxf3+ 13. gxf3 Bh5 {1-0 Orsag,M-Walek,M/Trinec CZE 1998 (47)}) 7... e6 8.
d3 Nc6 9. Be3 (9. Nge4 $5 {Mikhalevski,V} Nd4 10. Qd1 Bg7 11. Bg5 (11. e3 $5
Nf5 12. d4) 11... f6 12. Bd2 Qe7 13. e3 Nf5 14. d4 e5 15. d5 $13 {0-1
Rodriguez Gonzales,J-Castro Rojas,O/Quito 1975/MCD (36)}) 9... Bg7 10. Nf3 {
a sad necessity but if} (10. g3 Nd4 11. Qd1 Bc6) 10... O-O {Mikhalevski,V:
'The results of the dubious strategy of White can be seen with the naked eye.
Black has already comleted development of his pieces while White has been
losing two tempos on the manoeuvre Nf3-g5-f3. '} 11. Bc5 {'?!' Mikhalevski,V.
Mikhalevski,V: 'White doesn't feel danger and loses important time on the
dubious manoeuvres this time on the queen side instead of comleting
development by the means of 11.g3 and Bg2'} (11. g3 $142 {Mikhalevski,V}) 11...
Re8 12. e3 Nd5 {'!' Mikhalevski,V. Mikhalevski,V: 'preparing b6 following by
Na5 and c5 conquering space on the queen side.'} 13. Rc1 b6 14. Ba3 Na5 15. Qc2
c5 {'=/+' Mikhalevski,V. Mikhalevski,V: 'Black is already better.White's
bishop is situated very badly on a3 losing on its way there three tempos while
its colleague on g7 is very strong and creates unpleasant pressure along the
a1-h8 diagonal strengthened by the knight on d5.' Well its classic Speelman,
he's a bit worse with white - but there is noone better with a bad position .
There's somehting about Speelman , he needs to get wound up} 16. Be2 Rc8 17.
O-O Bc6 (17... Nb4 $5 {Mikhalevski,V} 18. Qd2 (18. Qb1 e5 {[%csl Re2]}) 18...
e5 {[%cal Ga5c6]} 19. d4 exd4 20. exd4 Bg4 $1 (20... cxd4 $143 21. Nxd4 (21.
Bxb4 dxc3 22. Bxc3 Bxc3 23. bxc3 Be6 $15) 21... Nc4 $140 22. Bxc4 Rxc4 23. Ndb5
$1) 21. dxc5 (21. Bxb4 cxb4 22. Nb5 a6 23. Rxc8 Bxc8 24. Na7 Bb7 $19 {[%csl
Ra7][%cal Gd8a8]}) (21. Rfd1 $5) 21... Qxd2 22. Nxd2 Bxe2 (22... Bxc3 23. Bxg4
Bxd2 24. Bxc8 Bxc1 25. Rxc1 $13) 23. Nxe2 Nd3 $1 24. cxb6 Nxc1 25. Nxc1 axb6
$19) (17... Nc6 $5 {[%csl Gb4,Gd4] Mikhalevski,V}) (17... Nxc3 $5 {Mikhalevski,
V} 18. bxc3 e5) 18. Nxd5 {'!' Mikhalevski,V. Mikhalevski,V: 'creating
opportunities for counterplay by the means of b4.'} Bxd5 19. Qb1 (19. b3 {
Mikhalevski,V} e5 $15 {[%cal Ga5c6]} (19... Nc6 $4 20. e4 Nb4 21. Bxb4 cxb4 22.
Qxc8 $18)) 19... e5 {'!' Mikhalevski,V. Mikhalevski,V: 'Black prepares to meet
b2-b4 with the counterblow in the centre.'} (19... Nc6 $4 {Mikhalevski,V} 20.
e4 {[%csl Rd5]}) 20. b4 {Speelman recommended instead 20.Nd2 intending Bf3
when White is only slightly worse} (20. Nd2 $15 Nc6) ({After} 20. e4 {
Mikhalevski,V} Bb7 21. b4 {Black is slightly better ought to the weakness on
d3.}) 20... e4 $1 {Mikhalevski,V: 'The idea of the previous move.'} (20... cxb4
{Mikhalevski,V}) 21. Nd2 (21. bxa5 $5 {Mikhalevski,V} exf3 22. Bxf3 $1 (22.
gxf3 Qg5+ 23. Kh1 Qh5 $17 {[%cal Gg7e5,Gd5f3]}) 22... Bxf3 23. gxf3 Qg5+ 24.
Kh1 Qh5 25. Kg2 Re5 (25... Qg5+ $11) 26. Rg1 $1 {and it's still not so simple
as it seems.} (26. f4 Qg4+ 27. Kh1 Qf3+ 28. Kg1 Rh5 $19 {[%cal Gf3g4,Gf3h3,
Gh5h4]})) (21. dxe4 $4 {Mikhalevski,V} Bxe4 {[%csl Rb1] The point of e5-e4.
White's queen is traped.}) 21... exd3 {Mikhalevski,V: 'It's difficult to
decide which move should be preffered as both ones(21...ed and 21...cb) lead
to the similar variations.For example 21...ed makes impossible intermediate de
and 21...cb makes line 21...ed 22.Q:d3 cb 23.R:c8 Q:c824.Q:d5 impossible.'} (
21... cxb4 $5 {Mikhalevski,V} 22. Rxc8 (22. Bxb4 exd3 23. Qxd3 (23. Bxd3 Bxa2
$3 24. Rxc8 (24. Qxa2 {Mikhalevski,V} Qxd3 25. Bxa5 (25. Rxc8 Rxc8 26. Bxa5
bxa5 $17 27. Qxa5 $140 Bc3 $19) 25... bxa5 26. Nc4 (26. Nb3 $142 $5) 26... a4
$3 27. Qxa4 $140 $2 (27. Rfd1 Qb3) 27... Re4 28. Ne5 (28. Rfd1 Rcxc4 $1 29.
Rxd3 (29. Rxc4 Qxc4) 29... Rxa4 $19) (28. Nb2 Rxc1 29. Rxc1 Bxb2 $19) 28...
Qxf1+ $1 (28... Rxc1 $4 29. Qe8+ Bf8 30. Qxf7+ Kh8 31. Qxf8#)) 24... Bxb1 25.
Rxd8 Rxd8 26. Bxb1 Nc6 $1) (23. Rxc8 {see 22.R:c8}) 23... Nc6 {[%cal Gd5a2]}) (
22. Qxb4 $2 Rxc1 23. Rxc1 exd3 24. Bxd3 Bxg2 {'!' Mikhalevski,V.} 25. Bb5 Bh3
$1) (22. dxe4 Bxa2 23. Qxa2 bxa3 24. Rxc8 Qxc8 25. Qxa3 Qc2 {'-/+' Mikhalevski,
V. -22.Rc8} (25... Qc2 $17 26. Qc1 $140 Rc8 {[%csl Ga7,Gb6]})) 22... Qxc8 23.
Bxb4 (23. dxe4 Bxe4 $2 (23... Bxa2 $1 24. Qxb4 $2 Bc3 25. Qd6 Rd8 $19) 24. Nxe4
(24. Qxb4 Bc3 25. Qd6 Nb7 $1 26. Nxe4 Nxd6 27. Nxd6 Qb8 $17) 24... bxa3 25. Nd6
{[%cal Rd6c8,Rd6e8]}) 23... exd3 24. Bxd3 (24. Qxd3 $6 Bxa2 25. Qa3 Be6 (25...
Bd5 $5 26. Bxa5 bxa5 27. Qxa5 {[%cal Ga5d5]} Qc6 $1 28. e4 (28. Bb5 Qc5) 28...
Bxe4 29. Bb5 Qd5) 26. Ne4 (26. Bxa5 bxa5 27. Qxa5 $140 $2 Bc3 $19) 26... Qc2
$17 {[%cal Gc2b3]}) 24... Nc6 $15) 22. Qxd3 c4 (22... cxb4 23. Rxc8 Qxc8 24.
Qxd5 bxa3 {'!' Mikhalevski,V.} (24... Rd8 25. Qb5 (25. Qe4 Rxd2 26. Rc1 Qd8 $19
) 25... Rxd2 {'=/+!?' Mikhalevski,V.} (25... bxa3 $5 $15 {[%csl Ra2,Ga3]
Mikhalevski,V}) 26. Rc1 $11 (26. Bxb4 Rxa2 27. Bg4 $1 $36) (26. Bg4 $5)) 25.
Nc4 {and if the knights come off White will be OK}) 23. Qc2 $2 (23. Qb1 {
was better , White would not fear Bxg2} Bxg2 (23... c3 $1 {is better} 24. bxa5
cxd2 25. Rxc8 Qxc8 26. Qd3 Rd8 27. Qxd2 Bxg2 28. Rc1 $17) 24. Kxg2 Qxd2 25. Bf3
Nc6 $4 (25... Qd6 26. Rfd1 Qf8 27. bxa5 Qxa3 28. axb6 {and again opposite
bishops are White's salvation}) 26. Rfd1) 23... Nc6 $1 24. Nf3 {'?'
Mikhalevski,V. Mikhalevski,V: 'Speelman decides to avoid complications which
could arise in case of accepting pawn sacrifice on c4.The variations show that
after 24.N:c4 black obtain slight advantage,but after 24.Nf3? Black's pressure
is much more dangerous.By the way other moves are unacceptable for White.'} (
24. Rfd1 $2 {Mikhalevski,V} Nd4 $1 25. exd4 Rxe2 $19) (24. Bxc4 $2 {
Mikhalevski,V} Ne5 (24... Bxc4 25. Nxc4 Ne5 26. Qb3) 25. Qb3 Nxc4 26. Nxc4 b5
$19) (24. Nxc4 $1 {Mikhalevski,V} Ne5 (24... b5 $143 25. Nd2 Nd4 26. Qd1 Rxc1
27. Bxc1 Nxe2+ 28. Qxe2 Bxa2 29. Qxb5) 25. Rfd1 (25. Qb3 b5) 25... b5 $1 (25...
Nxc4 26. Bxc4 Rxc4 27. Qd3 $1 (27. Qxc4 $2 Bxc4 28. Rxd8 Rxd8 29. Rxc4 Rd1#) (
27. Qd2 Rxc1 28. Bxc1 Re5 29. f4 Rh5 30. e4 (30. g4 Qh4 $1 $40) 30... Qh4 31.
exd5 Qxh2+ 32. Kf2 Rh3 $1 $13) 27... Rxc1 28. Bxc1 Qe7 29. Qxd5 Qxb4 $11) 26.
e4 $1 Nxc4 27. Rxd5 Qe7 28. Qd3 (28. Bxc4 $143 Rxc4 29. Qd3 Rxe4 30. Qxb5 (30.
Rxb5 Re1+ 31. Rxe1 Qxe1+ 32. Qf1 Qc3 $19 {[%cal Ge8e1,Gc3a3]}) 30... a5 $3 {
[%csl Ra2]}) 28... Qxe4 29. Qxe4 (29. Bf1 Qxd3 30. Rxd3 $15) 29... Rxe4 30. Bd3
Ree8 31. Bxc4 bxc4 $15 {[%csl Ra3,Gc4]}) 24... Be4 $2 {'?!' Mikhalevski,V. The
turning point} (24... b5 $1 25. Rfd1 Be4 $3 {was diabolically strong} (25...
Rc7 {[%cal Gc7d7] Mikhalevski,V} 26. Rd2 Rd7 27. Rcd1 Re6 $1 $17 {[%cal Ge6d6]}
) 26. Rxd8 Rcxd8 27. Qd1 (27. Bd3 Rxd3 {hardly bears thinking about} 28. Bb2
Rxe3 29. Qd2 Rd3 30. Qe2 Bxb2 31. Qxb2 Bxf3 32. gxf3 Nd4) 27... Rxd1+ 28. Rxd1
Bf8) (24... Bxf3 $5 {Mikhalevski,V} 25. Bxf3 b5 $15 {[%csl Ra3,Rb4]}) 25. Qa4
$1 {Played quickly by a man who sensed his opponent had lost the plot} (25.
Qxc4 Nd4 26. Qa6 Nxe2+ 27. Qxe2 Bd3 28. Rxc8 Bxe2 29. Rxd8 Rxd8 30. Rc1 Rd3)
25... Ne5 {'?' Mikhalevski,V. Mikhalevski,V: 'Black loses control.'} ({After} 
25... a6 $1 {Mikhalevski,V he is probably still better.}) 26. Nxe5 Bxe5 (26...
Rxe5 27. Rxc4) 27. Rxc4 Rxc4 28. Bxc4 Bxh2+ {'?' Mikhalevski,V. Mikhalevski,V:
'Dispair.' Mistakenly thinking he was baleing out for a perpetual} ({After} 
28... Qe7 $1 {Mikhalevski,V White is just a pawn up,but certainly is not
winning yet.}) (28... a6 {[%cal Gb6b5] Mikhalevski,V was interesting,but not
sufficient:} 29. Rd1 $1 (29. Bxa6 Qa8 $1 {[%cal Ge4g2,Ge4d3]}) (29. Qxa6 Bxh2+
30. Kxh2 Qh4+ 31. Kg1 Bxg2 32. Kxg2 Qg4+ $11) 29... Bxh2+ (29... b5 30. Rxd8
Rxd8 31. Qxa6 Rd1+ (31... bxc4 32. f4 $1) 32. Bf1 Bd3 33. g4 Bxf1 34. f4 $18 (
34. Qc8+ $5 Kg7 35. Qc2 Ra1 36. Bc1)) 30. Kxh2 Qh4+ 31. Kg1 b5 32. Bxb5 (32.
Bxf7+ $5) 32... axb5 (32... Re5 33. Bf1) 33. Qxb5 Ra8 34. Rd4 $1 Rxa3 35. Qe8+)
29. Kxh2 Bxg2 (29... Qh4+ {Mikhalevski,V} 30. Kg1 Bxg2 31. Qxe8+ Kg7 32. Qxf7+
Kh6 33. Qf8+ (33. Qf4+) 33... Kh5 34. Be2+ $18) (29... b5 {Mikhalevski,V} 30.
Qxb5 ({But not} 30. Bxb5 $4 Qh4+ 31. Kg1 Bxg2 $1 {and Black suddenly wins.}))
30. Rd1 $1 {'+-' Mikhalevski,V.} (30. Kxg2 $4 {Mikhalevski,V} Qg5+ 31. Kh2 (31.
Kf3 Qh5+ 32. Kg3 Qg5+ 33. Kf3 $11) 31... Qh4+ 32. Kg2 Qg4+ 33. Kh2 Re5 34.
Bxf7+ $1 Kg7 $1 35. Bb2 Qh4+ $11) 30... Qh4+ 31. Kxg2 Qg4+ 32. Kf1 Qxc4+ 33.
Ke1 Qc3+ 34. Rd2 {Mikhalevski,V: 'The rest is clear.'} b5 (34... Rd8 35. Qc2)
35. Qb3 (35. Qxb5 Rd8) 35... Qa1+ 36. Rd1 Qe5 37. Bb2 Qh2 38. Qd5 Qg1+ 39. Ke2
Qg4+ 40. Kf1 Qh3+ 41. Qg2 Qf5 42. Qc6 Qh3+ 43. Ke1 {Speelman intended 43...Rc8
44.Rd7 for a clean kill} 1-0

[Event "GER-ch 73th"]
[Site "Altenkirchen"]
[Date "2001.12.01"]
[Round "2"]
[White "Wahls, Matthias"]
[Black "Gutman, Lev"]
[Result "1-0"]
[WhiteElo "2580"]
[BlackElo "2488"]
[Annotator "Postny,E"]
[PlyCount "89"]
[EventDate "2001.11.30"]
[EventType "swiss"]
[EventRounds "9"]
[EventCountry "GER"]
[SourceTitle "CBM 087"]
[Source "ChessBase"]
[SourceDate "2002.03.21"]
[SourceVersion "1"]
[SourceVersionDate "2002.03.21"]
[SourceQuality "1"]

1. c4 Nf6 2. Nc3 g6 3. g3 Bg7 4. Bg2 O-O 5. e4 Nc6 6. Nge2 a6 {The beginning
of unusual and probably not the best plan in this kind of King's Indian
defence. Normal is 6...d6.} 7. O-O Rb8 {Again 7...d6 seems to me the better
choice, but then 6...a6 may be a waste of time.} 8. d4 b5 $6 {GM L.Gutman is
consistantly playing this system, which is dubious from my point of view.} (
8... d6) 9. e5 (9. d5 $143 Ne5 10. c5 d6 11. c6 b4 12. Na4 e6 13. f4 Nc4 14. b3
Na3 15. Bb2 exd5 16. exd5 Qe7 $132 {0-1 Siebrecht,S-Gutman,L/Berlin 1995/CBM
47 ext (34)}) 9... Ne8 10. c5 $1 $16 {[%csl Gc5,Gd4,Ge5,Re8,Rg7]} (10. cxb5
axb5 11. f4 Na5 12. b3 b4 13. Na4 d6 14. Be3 c6 15. Rc1 Nc7 16. h3 Be6 17. g4
Bd5 18. Ng3 Bxg2 19. Kxg2 Nd5 20. Bd2 Qd7 $15 {0-1 Saam,E-Gutman,L/Weilburg
1995/EXT 97 (36)}) 10... b4 $146 (10... Na5 11. Bf4 d6 12. Qc1 Bd7 13. Rd1 Qc8
14. Nd5 Qd8 15. Nb4 $16 {1-0 Miezis,N-Kersten,U/Munich 1996/EXT 99 (24)}) (
10... Bb7 11. Bf4 d6 12. exd6 exd6 13. d5 $16) 11. Nd5 e6 ({The attempt to
break white's pawncentre will not make black's life easier, for instance:} 
11... d6 12. Ne3 Qd7 13. exd6 exd6 14. d5 Ne5 15. c6 Qe7 16. h3 $16 {[%cal
Gf2f4]}) 12. Ne3 Ne7 13. Qa4 d6 14. Rd1 d5 (14... Bd7 15. c6 Bc8 16. Bd2 dxe5
17. dxe5 Bxe5 18. Bxb4 {and white is totally dominating.}) 15. Ng4 Bd7 16. Qc2
({Of course not} 16. Qxa6 $4 Bb5 $19 {[%csl Re2]}) 16... Nc6 (16... f6 17. Bh6
$16) 17. h4 f6 {The only chance to achieve any counterplay.} 18. exf6 {This
makes black's life a little easier.} (18. Bh6 $5 Bxh6 19. Nxh6+ Kg7 20. Ng4 {
[%csl Re8] with clear advantage for white.}) 18... Nxf6 19. Bg5 Qe8 20. Nxf6+
Bxf6 21. Bxf6 Rxf6 22. Qd2 {The immideate 22.f4 probably would be a bit better,
since white is going to play this move anyway.} Qf7 23. f4 h6 ({Deserved
attention} 23... Ne7 {[%cal Yd7b5]}) 24. Nc1 $6 {This manoeuvre turns out to
be a serious inaccuracy. Firstly white should regroup his heavy pieces, for
example: 24.Qe3 and then something like Rf1 and Rae1.This should prevent
black's counterplay starting with g6-g5 strike.} Qg7 25. Qe3 {[%cal Yc1d3,
Yd3e5]} g5 $1 $132 {It's clear visible, that white did not prepare properly to
meet this strike. Now the position becoming double-edged.} 26. hxg5 hxg5 27.
Ne2 (27. fxg5 Rf5 28. Ne2 Rxg5 $132) 27... gxf4 28. Nxf4 Rh6 29. Rd2 Rf8 30.
Re1 Ne7 {[%cal Ge7f5]} 31. Qe5 Qg4 $4 {The decisive mistake, probably in
time-trouble.} ({The right move was:} 31... Qxg3 $1 32. Nxd5 Qxe5 33. Nxe7+ Kf7
34. Rxe5 Kxe7 35. c6 Bc8 $11) {[%tqu "En","Find the winning move for white.",
"","","g2h3","",10]} 32. Bh3 $1 $18 Rxh3 33. Nxh3 Rf5 ({The alternatives are
not better:} 33... Rf3 34. Qg5+ Qxg5 35. Nxg5 Rxg3+ 36. Rg2 $18) (33... Qxh3
34. Qg5+ Kf7 35. Rh2 $18) 34. Qxc7 Kf7 (34... Qxh3 35. Qxd7 $18) 35. Nf2 Qf3
36. Nd3 Kf6 37. Qxd7 e5 38. dxe5+ Kf7 39. c6 (39. e6+ Kf6 40. Qd8 {was more
precise.}) 39... Qxg3+ 40. Rg2 Qxd3 {threatening 41...Qd4+} 41. e6+ Kf6 42. Qa7
$1 {[%csl Yd4]} Qc4 43. Qe3 {White's Q finally got back into the centre and
the game is over.} Qh4 44. c7 d4 45. Qe4 1-0

[Event "Sigeman & Co 11th"]
[Site "Malmo"]
[Date "2003.05.06"]
[Round "7"]
[White "Hillarp Persson, Tiger"]
[Black "McShane, Luke J"]
[Result "1/2-1/2"]
[WhiteElo "2474"]
[BlackElo "2592"]
[Annotator "Postny,E"]
[PlyCount "99"]
[EventDate "2003.04.29"]
[EventType "tourn"]
[EventRounds "9"]
[EventCountry "SWE"]
[EventCategory "13"]
[SourceTitle "CBM 095"]
[Source "ChessBase"]
[SourceDate "2003.07.25"]
[SourceVersion "1"]
[SourceVersionDate "2003.07.25"]
[SourceQuality "1"]

1. Nf3 Nf6 2. c4 g6 3. Nc3 d5 4. cxd5 Nxd5 5. Qa4+ Bd7 6. Qh4 Nxc3 7. Qd4 {
More popular is 7.dxc3, which leads to approximate equality.} f6 8. Qxc3 Nc6 9.
a3 {A rare move in this position.} (9. d4 e5 10. a3 exd4 11. Nxd4 Nxd4 12. Qxd4
Bc6 $11 {1-0 Rahman,Z-Isaev,J/Moscow 1994/CBM 44 ext (54)}) (9. e4 e5 10. a3
Bd6 11. Bc4 Qe7 12. d3 Nd8 13. b4 Be6 14. Be3 O-O 15. O-O Nf7 $11 {0-1 Giemsa,
S-Bagirov,V/Germany 1995/GER-chT2 (94)}) (9. b4 {This is the most popular
continuation. However black gets a nice game in this case too.} a6 10. e3 (10.
e4 e5 11. a3 Bg4 12. Bb2 Bh6 13. Rd1 Nd4 14. Be2 Bxf3 15. Bxf3 Qd7 16. Qc4
O-O-O $15 {0-1 Sulava,N-Vakhidov,T/Bled 2002/EXT 2003 (39)}) 10... e5 11. a3
Bd6 12. Qc2 Qe7 13. Bb2 e4 14. Nd4 Rf8 15. Nxc6 Bxc6 16. Rc1 f5 $15 {0-1
Poluljahov,A-Zezulkin,J/Krasnodar 1998/EXT 2000 (33)}) 9... e5 10. d3 Bg4 (
10... Be6 {is a good alternative.}) 11. Nd2 $1 $146 {Good manoeuvre. White is
also moving the knight out of possible exchange on f3. On the other hand it
can not change the evaluation of the position as good for black.} (11. e3 Bxf3
12. gxf3 Qd5 13. Be2 a5 14. Bd2 Bd6 15. Rc1 a4 16. Qc4 Qxc4 17. Rxc4 Kd7 $11 {
1/2-1/2 Dzindzichashvili,R-Gurevich,I/San Francisco 1999/CBM 69 ext (22)})
11... Qe7 {Preparing the castling to queenside.} (11... Qd7 $6 12. Ne4 {
[%cal Ye4c5,Ge4f6]}) 12. e3 ({Comes into consideration:} 12. b4 a5 13. b5 Nd4
14. Rb1 $13) 12... O-O-O 13. h3 Be6 14. b4 Qf7 {Setting free the e7 square for
the knight against possible b4-b5 advance.} 15. Be2 Kb8 16. b5 $6 {This move
only helps black to transfer his knight to a better pastures.} ({More logical
is} 16. Ne4 {[%cal Ye4c5]}) ({or} 16. Bb2) 16... Ne7 17. e4 $6 {[%csl Rd4,Ye7,
Rf4] Restricting the black knight, but weakening the squares d4 and f4.} ({
Again possible was} 17. Bb2) 17... g5 18. Nf3 $2 {This is a wrong route for
the knight. Probably white was intending to carry out the d3-d4 advance, but
then realized, that this is quite risky.} (18. Nc4 Ng6 19. g3 {would be more
to the point.}) 18... Ng6 19. a4 (19. d4 $6 exd4 20. Nxd4 Bd6 $36 {[%csl Ra1,
Rc3,Rd4][%cal Gd6e5]}) 19... h5 20. Be3 Bd6 21. a5 {White is consequently
developing his initiative on the queenside, however black's chances on the
other side of the board appeares to be far more reliable.} (21. d4 Nf4 22. Bxf4
exd4 $1 23. Nxd4 Bxf4 $17) 21... Qe7 {[%cal Gd6b4]} 22. O-O g4 23. Nd2 (23. a6
b6 (23... gxf3 $4 {[%tqu "En","Find the best and forced continuation.","","",
"e3a7","",10]} 24. Bxa7+ $1 Kxa7 25. axb7+ {[%cal Rc3c6] mating.}) 24. Qc6 Bc8
{and white's threats are parried, while black's attack just begins.}) 23... Nf4
24. Bxf4 exf4 25. d4 (25. b6 f3 ({Also good for black is} 25... Be5 26. bxc7+
Qxc7 27. Qxc7+ Bxc7) 26. gxf3 Rdg8 $40) 25... Bb4 $5 {McShane does not want to
go for the direct attack and wants to prevent the white's one first.} ({
Not so clear is} 25... gxh3 $6 26. b6 Rhg8 27. bxa7+ Kxa7 28. a6 Rxg2+ 29. Kh1
b6 30. Bf3 {[%csl Ra7,Gf3][%cal Gc3c6,Ge4e5]}) ({A serious alternative is} 
25... f3 26. gxf3 Rdg8 {and black's attack looks very promising.}) 26. Qd3 Rxd4
$1 27. Qxd4 Rd8 {Now white must sacrifice his queen.} 28. Nb3 (28. Qb2 Rxd2 $19
{[%csl Rb2,Re2]}) 28... Rxd4 29. Nxd4 {Materially speaking, the position is
balanced, however black has decisive positional advantage.} Bc8 30. a6 $5 (30.
Ra4 f3 31. gxf3 gxh3 32. Kh1 Bd6 $19) 30... Qxe4 31. Rfd1 Bd6 $2 {Allowing
white to come back into the game.} (31... Bc3 32. axb7 Kxb7 $1 $19 {It looks
like both players missed this reply. White is not able to create any serious
threat against the black king, and heavy material losses are inevitable.} (
32... Bxb7 $2 33. Nc6+ Bxc6 34. bxc6)) 32. Ra4 $1 {[%cal Gd4c6]} Qe5 {[%cal
Gf4f3,Ge5h2]} (32... Ka8 $5) 33. axb7 Bxb7 $6 ({Risky, but probably correct was
} 33... Kxb7 34. Rxa7+ $6 Kb6) 34. hxg4 hxg4 35. Bxg4 {Now it's clear, that
black has spoiled his advantage. White is getting strong play on the white
squares. Black has to be careful.} Qg5 36. Bh3 f3 37. Nc6+ Bxc6 38. bxc6 a5 (
38... Qe5 $5 39. Rb1+ Ka8 40. g3 Bc5 41. Rf4 Qe2 42. Rf1 a5 $13) 39. Re4 f5 40.
Rc4 Qg6 $6 {Another dubious move. Black's king will be in danger now.} (40...
fxg2 $142) 41. Rd5 Ka7 42. Rb5 $2 {White should have simply capture the pawn.}
(42. Rxa5+ Kb6 43. Ra8 $1 Bc5 44. Ra1 $1 {and black is in trouble.}) 42... Qe6
43. Rc1 Ka6 44. Rxf5 Qh6 45. Ra1 Bb4 {Now the black king is safe and the
position is getting balanced.} 46. Rxf3 Qxc6 {[%mdl 1024]} 47. Rd3 Kb6 48. Bd7
Qc2 49. Rdd1 Qe2 50. Rdc1 1/2-1/2